[Event "BigWally vs gizmokaka"]
[Site "http://www.queenalice.com/game.php?id=1871037"]
[Date "2026.3.26"]
[Round "-"]
[White "BigWally"]
[Black "gizmokaka"]
[Result "0-1"]
[WhiteElo "1664"]
[BlackElo "2862"]

1. e4 e5 2. Nf3 Nc6 3. Nc3 Nf6 4. d4 exd4 5. Nxd4 Bb4 6. Nxc6 bxc6 7. Bc4 Nxe4
8. Qe2 O-O 9. O-O Nxc3 10. bxc3 Bxc3 11. Rb1 d5 12. Bd3 g6 13. Rb3 Re8 14. Qf3
Be5 15. Bf4 Bxf4 16. Qxf4 Qd6 17. Qxd6 cxd6 18. c4 dxc4 19. Bxc4 d5 20. Bd3 c5
21. Bb5 Re6 22. Re3 Rb8 23. Ba4 Kg7 24. Bb3 c4 25. Ba4 d4 26. Rxe6 Bxe6 0-1

[Event "gizmokaka vs BigWally"]
[Site "http://www.queenalice.com/game.php?id=1871038"]
[Date "2026.3.26"]
[Round "-"]
[White "gizmokaka"]
[Black "BigWally"]
[Result "1-0"]
[WhiteElo "2873"]
[BlackElo "1657"]

1. c4 e5 2. Nc3 Nc6 3. Nf3 Nf6 4. e4 Ng4 5. h3 Nf6 6. a3 Nd4 7. d3 d6 8. Nxd4
exd4 9. Ne2 c5 10. b4 a5 11. bxc5 dxc5 12. g4 Bd6 13. Bg2 a4 14. f4 Qa5+ 15. Bd2
Qb6 16. e5 Qb3 17. Qxb3 axb3 18. exd6 b2 19. Rb1 Rxa3 20. Rxb2 Ra1+ 21. Kf2 Ra6
22. Bxb7 Bxb7 23. Rxb7 O-O 24. g5 Ne8 25. d7 Nd6 26. Rc7 Ra2 27. Bc1 Raa8 28.
Rxc5 Nb7 29. Rc7 Nd6 30. Nxd4 1-0

[Event "AUTO-ELITE-2552"]
[Site "http://www.queenalice.com/game.php?id=1872407"]
[Date "2026.4.24"]
[Round "6"]
[White "acid"]
[Black "gizmokaka"]
[Result "1/2-1/2"]
[WhiteElo "2728"]
[BlackElo "2876"]

1. e4 e5 2. Nf3 Nc6 3. Bc4 Nf6 4. d3 Bc5 5. c3 a5 6. O-O Ba7 7. Nbd2 O-O 8. Re1
d6 9. Nf1 Be6 10. Bxe6 fxe6 11. Ng3 d5 12. exd5 exd5 13. Be3 Bxe3 14. Rxe3 d4
15. cxd4 exd4 16. Re2 Qd5 17. a3 h6 18. Rc1 Rf7 19. Qc2 Raf8 20. Qc4 Rd8 21.
Rec2 Qxc4 22. Rxc4 Rd5 23. Kf1 Nd7 24. Ne4 Re7 25. b3 Kf7 26. h4 Nde5 27. Nxe5+
Nxe5 28. Rxc7 Nxd3 29. Rxe7+ Kxe7 30. Rc7+ Rd7 31. Rc8 Ke6 32. Nd2 Kd5 33. Nc4
Re7 34. g3 Ke4 35. Nxa5 Kf3 36. Rf8+ Kg4 37. Kg2 Ne1+ 38. Kh2 1/2-1/2

[Event "AUTO-ELITE-2552"]
[Site "http://www.queenalice.com/game.php?id=1872408"]
[Date "2026.4.24"]
[Round "6"]
[White "gizmokaka"]
[Black "acid"]
[Result "1/2-1/2"]
[WhiteElo "2864"]
[BlackElo "2725"]

1. c4 e5 2. Nc3 Nf6 3. Nf3 Nc6 4. e4 Bb4 5. d3 d6 6. a3 Bc5 7. b4 Bb6 8. Be3 Nd4
9. Bxd4 Bxd4 10. Nxd4 exd4 11. Ne2 c5 12. Qd2 O-O 13. Ng3 a6 14. Be2 b5 15. cxb5
axb5 16. O-O Ra6 17. f4 Qc7 18. h3 Qa7 19. Bf3 c4 20. Qf2 Be6 21. Rfd1 Rxa3 22.
Rxa3 Qxa3 23. Qxd4 Qxb4 24. dxc4 bxc4 25. Qxd6 Qxd6 26. Rxd6 c3 27. Rc6 Rc8 28.
Rxc8+ Bxc8 29. Ne2 c2 30. e5 Nd7 31. Be4 f6 32. exf6 Ba6 33. Nc1 Nxf6 34. Bxc2
Kf7 35. Bd3 Bxd3 36. Nxd3 h5 1/2-1/2

[Event "Capixabba789 vs gizmokaka"]
[Site "http://www.queenalice.com/game.php?id=1872989"]
[Date "2026.5.6"]
[Round "-"]
[White "Capixabba789"]
[Black "gizmokaka"]
[Result "0-1"]
[WhiteElo "1870"]
[BlackElo "2859"]

1. d4 f5 2. c4 Nf6 3. Nc3 e6 4. f4 Bb4 5. Bd2 d6 6. e3 O-O 7. Nf3 Nbd7 8. Bd3 b6
9. O-O Bb7 10. a3 Bxc3 11. Bxc3 Be4 12. Bxe4 Nxe4 13. Rc1 Qe7 14. b4 h6 15. Bb2
c6 16. a4 d5 17. c5 Rfb8 18. Ne5 Nxe5 19. fxe5 bxc5 20. dxc5 Rxb4 21. Ba3 Rb7
22. Rb1 Rxb1 23. Qxb1 Nd2 0-1

[Event "gizmokaka vs Capixabba789"]
[Site "http://www.queenalice.com/game.php?id=1872990"]
[Date "2026.5.6"]
[Round "-"]
[White "gizmokaka"]
[Black "Capixabba789"]
[Result "1-0"]
[WhiteElo "2860"]
[BlackElo "1842"]

1. c4 e5 2. Nc3 f5 3. e3 Nf6 4. d4 e4 5. Nge2 Be7 6. h4 d6 7. Nf4 Nc6 8. Be2 O-O
9. Bd2 a6 10. Rc1 Bd7 11. Ncd5 Nxd5 12. cxd5 Na7 13. Qb3 Rb8 14. g3 Nb5 15. Ba5
b6 16. Bd2 Bf6 17. Qc2 Rc8 18. a4 Nxd4 19. exd4 Bxd4 20. Bc3 Be5 21. Bxe5 dxe5
22. Ne6 Bxe6 23. dxe6 Qe7 24. Bxa6 Kh8 25. Bxc8 Rxc8 26. Qc6 1-0

[Event "altair vs gizmokaka"]
[Site "http://www.queenalice.com/game.php?id=1872992"]
[Date "2026.5.6"]
[Round "-"]
[White "altair"]
[Black "gizmokaka"]
[Result "0-1"]
[WhiteElo "1848"]
[BlackElo "2867"]

1. e4 d5 2. e5 c5 3. d4 cxd4 4. Qxd4 Nc6 5. Qe3 Bf5 6. Bd3 d4 7. Qe2 Bxd3 8.
cxd3 Qa5+ 9. Bd2 Qxe5 10. Nf3 Qxe2+ 11. Kxe2 f6 12. Na3 e5 13. Rhe1 Bxa3 14.
bxa3 Nge7 15. Kf1 Kd7 16. Bb4 Nxb4 17. axb4 Nd5 18. a3 Rac8 19. Nd2 Nf4 20. Red1
Nxd3 21. Ne4 Nb2 22. Rd2 Nc4 23. Rdd1 b6 24. Nd2 Nxd2+ 25. Rxd2 Rc4 26. Rdd1 a6
27. Rac1 Rxc1 28. Rxc1 Rc8 29. Rxc8 Kxc8 30. Ke2 Kd7 31. Kd3 Ke6 32. g4 Kd5 33.
a4 e4+ 34. Kd2 b5 35. a5 Kc4 36. Kc2 Kxb4 37. h4 Kxa5 38. Kd2 b4 39. Kc2 Kb5 40.
h5 Kc4 0-1

[Event "gizmokaka vs altair"]
[Site "http://www.queenalice.com/game.php?id=1872993"]
[Date "2026.5.6"]
[Round "-"]
[White "gizmokaka"]
[Black "altair"]
[Result "1-0"]
[WhiteElo "2858"]
[BlackElo "1839"]

1. e4 e5 2. Bc4 Nf6 3. Nc3 c6 4. d4 exd4 5. Qxd4 h6 6. e5 c5 7. Qf4 d5 8. exf6
dxc4 9. Qe5+ Be6 10. fxg7 Rh7 11. g8=Q Rg7 12. Qexg7 1-0

[Event "chessman vs gizmokaka"]
[Site "http://www.queenalice.com/game.php?id=1872994"]
[Date "2026.5.6"]
[Round "-"]
[White "chessman"]
[Black "gizmokaka"]
[Result "0-1"]
[WhiteElo "2107"]
[BlackElo "2861"]

1. e4 Nf6 2. Nc3 e5 3. d3 d5 4. exd5 Nxd5 5. Nxd5 Qxd5 6. Nf3 Nc6 7. Be2 Bf5 8.
O-O O-O-O 9. Be3 f6 10. a4 Kb8 11. Nd2 h5 12. c4 Qe6 13. Nb3 Bb4 14. Qc2 a5 15.
Bc5 h4 16. Bxb4 Nxb4 17. Qc3 h3 18. Nxa5 hxg2 19. Rfd1 Qb6 20. Nxb7 Qxb7 21. Bf3
Qxf3 22. Qxb4+ Kc8 23. Qe7 Rxh2 0-1

[Event "gizmokaka vs chessman"]
[Site "http://www.queenalice.com/game.php?id=1872995"]
[Date "2026.5.6"]
[Round "-"]
[White "gizmokaka"]
[Black "chessman"]
[Result "1-0"]
[WhiteElo "2857"]
[BlackElo "2030"]

1. d4 d5 2. c4 c6 3. g3 Nf6 4. Nf3 e6 5. Bg2 dxc4 6. Ne5 Be7 7. O-O O-O 8. Na3
Bxa3 9. bxa3 Nbd7 10. Nxc4 a6 11. Bd2 c5 12. Ba5 Qe7 13. Rc1 Nb8 14. Nb6 Ra7 15.
Bb4 1-0

[Event "AUTO-OPEN-4621"]
[Site "http://www.queenalice.com/game.php?id=1873206"]
[Date "2026.5.9"]
[Round "3"]
[White "gizmokaka"]
[Black "WoodpusherKid"]
[Result "1-0"]
[WhiteElo "2881"]
[BlackElo "2708"]

1. e4 e5 2. Nf3 Nc6 3. Bc4 Bc5 4. O-O Nf6 5. d3 O-O 6. c3 d6 7. h3 a6 8. Re1 Be6
9. Bxe6 fxe6 10. Be3 Bxe3 11. Rxe3 h6 12. Nbd2 Qe8 13. Qb3 Na5 14. Qa3 Nc6 15.
Rc1 Qf7 16. Qb3 b5 17. Qd1 Ne7 18. b4 a5 19. a3 axb4 20. axb4 Ng6 21. g3 Ra3 22.
Kg2 c6 23. Rc2 Rfa8 24. Rb2 Qe8 25. Re1 Nh5 26. Qc2 Qf7 27. Re3 Nf6 28. Nb1 Ra1
29. Nbd2 Qe8 30. Nb3 R1a3 31. Re1 R8a4 32. Nfd2 Qa8 33. Na5 Nh5 34. Kg1 c5 35.
Nb1 Ra1 36. Re2 Qe8 37. Kh2 Nhf4 38. Re1 d5 39. gxf4 Nh4 40. Qd1 cxb4 41. cxb4
h5 42. Nc6 R1a2 43. Rxa2 Rxa2 44. Rf1 Qf7 45. f5 exf5 46. exd5 f4 47. d6 Ra6 48.
d4 Rxc6 49. dxe5 Rc8 50. Nc3 Kh7 51. Ne4 Qf5 52. d7 Rd8 53. Nd6 Rxd7 54. Nxf5
1-0

[Event "AUTO-OPEN-4617"]
[Site "http://www.queenalice.com/game.php?id=1873967"]
[Date "2026.5.27"]
[Round "2"]
[White "josebaron"]
[Black "gizmokaka"]
[Result "0-1"]
[WhiteElo "2169"]
[BlackElo "2868"]

1. e4 e5 2. Nf3 Nc6 3. Bb5 a6 4. Bxc6 dxc6 5. d3 Qf6 6. h3 Ne7 7. O-O h6 8. c4
Be6 9. Nc3 g5 10. Nh2 O-O-O 11. Qf3 Qg7 12. Qh5 Rxd3 0-1